Team Nasdas 1 - Statistiques

Statistiques générales
  • Ce quiz a été pris 1 655 fois
  • Le résultat moyen est 12 sur 16
Statistiques - réponses
Par images Réponse % Correct
Nasdas
100%
4bdv
93%
Samos
93%
Morgane
92%
Assya
91%
Loriana
90%
Tounsi
87%
Farah
85%
Krimo
85%
Leyna
84%
Lyna
82%
Sabrina
65%
Angy
54%
Le nouveau
50%
Cam
26%
Hella
24%
Aucun quiz correspondant
Distribution des résultats
% des personnes avec chaque résultat
Percentile par nombre de réponses
Votre historique - résultats
Vous n’avez pas pris ce quiz